.NET toàn tập
Tập VII và VIII là hai tập cuối của bộ .Net toàn tập trình bày những giải đáo các ứng dụng hữu ích nhất. Mỗi ứng dụng minh họa một chức năng cốt lỗi của Visual C# và .Net framework. Chúng được giải thích cặn kẽ từng khái niệm về lập tr...
Đã lưu trong:
| 主要作者: | |
|---|---|
| 格式: | 圖書 |
| 語言: | Undetermined |
| 出版: |
Thành phố Hồ Chí Minh
Tổng hợp Thành phố Hồ Chí Minh
2006
|
| 主題: | |
| 標簽: |
添加標簽
沒有標簽, 成為第一個標記此記錄!
|
| Thư viện lưu trữ: | Trung tâm Học liệu Trường Đại học Cần Thơ |
|---|
| LEADER | 01205nam a2200205Ia 4500 | ||
|---|---|---|---|
| 001 | CTU_133928 | ||
| 008 | 210402s9999 xx 000 0 und d | ||
| 020 | |c 75000 | ||
| 082 | |a 005.362 | ||
| 082 | |b Th305/T.7 | ||
| 100 | |a Dương, Quang Thiện | ||
| 245 | 0 | |a .NET toàn tập | |
| 245 | 0 | |c Dương Quang Thiện | |
| 260 | |a Thành phố Hồ Chí Minh | ||
| 260 | |b Tổng hợp Thành phố Hồ Chí Minh | ||
| 260 | |c 2006 | ||
| 520 | |a Tập VII và VIII là hai tập cuối của bộ .Net toàn tập trình bày những giải đáo các ứng dụng hữu ích nhất. Mỗi ứng dụng minh họa một chức năng cốt lỗi của Visual C# và .Net framework. Chúng được giải thích cặn kẽ từng khái niệm về lập trình nằm sau mỗi ứng dụng cũng như chi tiết của từng câu lệnh trong các bẳng listing liệ kê nội dung các chương trình. | ||
| 650 | |a C# (computer program language),C# (ngôn ngữ chương trình máy tính) | ||
| 904 | |i Bạch Trúc | ||
| 980 | |a Trung tâm Học liệu Trường Đại học Cần Thơ | ||